000
00305nam a22001337a 4500
999
_c
160745
_d
160745
082
_a
_b
100
_a
William M Indich
245
_a
Consciousness in advaita vedanata/
_c
by William M Indich.
260
_a
New Delhi:
_b
Motilal,
_c
2000.
300
_a
144p.
650
_a
700
_a
942
_c
BK